00669nas a2200205 4500001001000000003000400010005001700014008004100031040002500072043000900097110005900106245004400165260004700209300001700256310001600273362003500289500006300324500005900387999001700446000037159DLC20200930080158.0120220c19539999dr ur1p dd 0 0spa d aDO-SdBNPbspacBNPHU anwdr1 aRepública Dominicana :bCámara de Diputados93223800aBolentín de la Cámara de Diputados. aCiudad Trujillo, República Dominicana :. av. ;c30 cm. aDesconocido1 aNo. 277 . período 1952- 1957 aCatalogación basada en el No. 277 . período 1952- 1957 aSecciones selebradas durante el mes de octubre de 1953 c36649d36649